<?xml version="1.0" encoding="UTF-8"?>
<marc:record xmlns:marc="http://www.loc.gov/MARC21/slim">
   <marc:leader>00000nam a2200000 a 4500</marc:leader>
   <marc:datafield ind1="0" ind2="0" tag="245">
      <marc:subfield code="a">Im Jahr 1788</marc:subfield>
   </marc:datafield>
   <marc:datafield ind1=" " ind2="1" tag="264">
      <marc:subfield code="c">1788</marc:subfield>
   </marc:datafield>
   <marc:datafield ind1="1" ind2=" " tag="520">
      <marc:subfield code="a">Vermerk: Heinrich von Schmuck k. k. Professor. - Brauner Einband mit ledernen Buchecken und ledernem Buchrücken, Einbanddeckel gemustert, Buchrücken mit 4 Bünden und schwarzen Verzierungen und Titelschild "Neueste Sammlung. XXXX.", roter Blattschnitt</marc:subfield>
   </marc:datafield>
   <marc:datafield ind1=" " ind2=" " tag="041">
      <marc:subfield code="a">ger</marc:subfield>
   </marc:datafield>
   <marc:datafield ind1="0" ind2=" " tag="490">
      <marc:subfield code="v">40.</marc:subfield>
   </marc:datafield>
   <marc:datafield ind1=" " ind2=" " tag="300">
      <marc:subfield code="a">102, 48, 39, 31, 80, 72, 31, clix S. : Ill.</marc:subfield>
   </marc:datafield>
</marc:record>
